| 000 | 00357nam a2200133Ia 4500 | ||
|---|---|---|---|
| 008 | 150202s9999 xx 000 0 und d | ||
| 020 | _a373761597 | ||
| 050 |
_aFIC _bFIC |
||
| 100 | _aMerrit, Jackie. | ||
| 245 | 2 |
_aA montana man / _cJackie Merrit. |
|
| 260 |
_aNew York : _bSilhouette Books, _c1998. |
||
| 300 |
_a187 pages : _c18 cm. |
||
| 650 | _aFiction. | ||
| 999 |
_c282253 _d282253 |
||